Απόηχοι του μικρασιατικού ολέθρου στην ποίηση

Αποθηκεύτηκε σε:
Λεπτομέρειες βιβλιογραφικής εγγραφής
Κύριος συγγραφέας: Μηλιώρης, Νίκος Ε., 1896-1983
Άλλοι συγγραφείς: Σεφέρης, Γιώργος, 1900-1971
Μορφή: Βιβλίο
Γλώσσα:Greek
Δημοσίευση: Αθήνα : Ιωλκός, 1980.
Θέματα:
Ετικέτες: Προσθήκη ετικέτας
Δεν υπάρχουν, Καταχωρήστε ετικέτα πρώτοι!

MARC

LEADER 00000cam a2200000 i 4500
001 1/44080
008 941103s1980 gr | ||| |||| ||gre||
035 |c 1990  |l 10042190 
040 |a GR-MyUA  |b gre  |e AACR2 
041 0 |a gre 
082 0 |a 889.109 
100 1 |a Μηλιώρης, Νίκος Ε.,   |d 1896-1983. 
245 1 0 |a Απόηχοι του μικρασιατικού ολέθρου στην ποίηση /   |c Νίκου Ε. Μηλιώρη ; επίμετρο Γιώργος Σεφέρης.  
260 |a Αθήνα :   |b Ιωλκός,   |c 1980.  
300 |a 153 σ. ;   |c 21 εκ.  
650 0 0 |a Greek poetry, Modern  |y 20th century  |x History and criticism. 
700 1 |a Σεφέρης, Γιώργος,   |d 1900-1971. 
852 |a INST  |b SAMOS  |e 19941103  |h 889.109 ΜΗΛ  |p 005300000183  |q 005300000183  |t BK  |y 0 
909 |a Σ  |b 000243